| 000 | 00514nam a2200193Ia 4500 | ||
|---|---|---|---|
| 003 | STCL | ||
| 008 | 230726s9999 xx 000 0 und d | ||
| 020 | _a817705614070 | ||
| 040 |
_aSTCL _cSTCL _bEN |
||
| 082 | _222 | ||
| 100 | _aPanikkar, G N | ||
| 245 | 0 | _aനീരുറവകൾക്ക് ഒരു ഗീതം | |
| 246 | _aNeeruravakalkku oru geetham | ||
| 260 |
_bPrabhath Book House _aThiruvananthapuram _c2011 |
||
| 300 | _a152 p | ||
| 365 | _b95 | ||
| 546 | _aMalayalam | ||
| 942 |
_2DDC _e22 _cBKDDC |
||
| 999 |
_c89727 _d89727 |
||